[Event "MNT-chT"]
[Site "Herceg Novi"]
[Date "2025.05.08"]
[Round "9.2"]
[White "Blagojevic, Dragisa"]
[Black "Alivodic, Dario"]
[Result "1-0"]
[WhiteElo "2437"]
[BlackElo "2175"]
[PlyCount "111"]
[EventDate "2025.05.01"]
[EventType "team-tourn"]
[EventRounds "9"]
[EventCountry "MNE"]
[SourceTitle "CB20_2025"]
[SourceDate "2025.05.14"]
[SourceVersion "1"]
[SourceVersionDate "2025.05.14"]
[SourceQuality "1"]
[WhiteTeam "Buducnost"]
[BlackTeam "Rumija"]
[WhiteTeamCountry "MNE"]
[BlackTeamCountry "MNE"]

1. d4 d5 2. c4 e6 3. Nc3 c6 4. e3 Nf6 5. Nf3 Ne4 6. Nxe4 dxe4 7. Nd2 f5 8. c5 b6 9. cxb6 axb6 10. Be2 Ba6 11. 0-0 Bd6 12. Bxa6 Rxa6 13. Qb3 Qe7 14. Nc4 Bc7 15. Bd2 Nd7 16. Bb4 c5 17. dxc5 bxc5 18. Bc3 Ra8 19. Qb7 Nb6 20. Qc6+ Kf7 21. Nxb6 Ra6 22. Qd7 Rxb6 23. Qxe7+ Kxe7 24. Bxg7 Ra8 25. Bc3 Rba6 26. a3 Rd8 27. Rfc1 Rd3 28. Kf1 Kd6 29. Ke2 Kd5 30. Rc2 Bd6 31. a4 h5 32. h3 Bc7 33. a5 Bd6 34. Ra4 Kc6 35. f3 Kb5 36. b3 Bc7 37. fxe4 Rd8 38. Be1 Rg8 39. Kf3 fxe4+ 40. Kxe4 Bg3 41. Bxg3 Rxg3 42. Kf4 h4 43. Re4 Rxa5 44. Rxc5+ Kxc5 45. b4+ Kd6 46. bxa5 Rxg2 47. Ra4 Kc7 48. a6 Kb8 49. Re4 Rg3 50. Rxe6 Rxh3 51. Re7 Rh1 52. e4 h3 53. Rh7 h2 54. Ke5 Ra1 55. Rxh2 Rxa6 56. Rc2 1-0

[Event "MNT-chT"]
[Site "Herceg Novi"]
[Date "2025.05.04"]
[Round "5.3"]
[White "Saric, Igor"]
[Black "Blagojevic, Dragisa"]
[Result "0-1"]
[WhiteElo "2259"]
[BlackElo "2437"]
[PlyCount "98"]
[EventDate "2025.05.01"]
[EventType "team-tourn"]
[EventRounds "9"]
[EventCountry "MNE"]
[SourceTitle "CB20_2025"]
[SourceDate "2025.05.14"]
[SourceVersion "1"]
[SourceVersionDate "2025.05.14"]
[SourceQuality "1"]
[WhiteTeam "Niksic"]
[BlackTeam "Buducnost"]
[WhiteTeamCountry "MNE"]
[BlackTeamCountry "MNE"]

1. e4 e5 2. Nf3 Nc6 3. Bc4 Nf6 4. d3 Be7 5. 0-0 0-0 6. Nc3 d6 7. a4 Be6 8. Bxe6 fxe6 9. d4 exd4 10. Nxd4 Qd7 11. Nxc6 Qxc6 12. Qe2 Rae8 13. Qb5 Nd7 14. Qxc6 bxc6 15. Ne2 Bf6 16. Ra2 c5 17. Bd2 Rb8 18. b3 a6 19. f4 g6 20. g4 Bg7 21. h3 Rb7 22. Kg2 Nb8 23. Rf3 Nc6 24. Bc3 Rb4 25. Bxg7 Kxg7 26. c4 Rfb8 27. Ra3 h6 28. Kg3 R4b7 29. Rc3 Na5 30. Nc1 g5 31. e5 gxf4+ 32. Kxf4 Nc6 33. exd6 cxd6 34. Ne2 Kf6 35. Ke4 Ke7 36. Rf3 Rb4 37. Kf4 d5 38. Kg3 d4 39. Nf4 Ne5 40. Rf1 Rxb3+ 41. Rxb3 Rxb3+ 42. Kh4 d3 43. Kh5 d2 44. Ng6+ Nxg6 45. Kxg6 Rxh3 46. Rd1 Rh2 47. g5 hxg5 48. Kxg5 e5 49. Kg4 e4 0-1

[Event "MNT-chT"]
[Site "Herceg Novi"]
[Date "2025.05.03"]
[Round "3.3"]
[White "Nikolic, Nebojsa"]
[Black "Blagojevic, Dragisa"]
[Result "0-1"]
[WhiteElo "2260"]
[BlackElo "2437"]
[PlyCount "74"]
[EventDate "2025.05.01"]
[EventType "team-tourn"]
[EventRounds "9"]
[EventCountry "MNE"]
[SourceTitle "CB20_2025"]
[SourceDate "2025.05.14"]
[SourceVersion "1"]
[SourceVersionDate "2025.05.14"]
[SourceQuality "1"]
[WhiteTeam "Herceg Novi"]
[BlackTeam "Buducnost"]
[WhiteTeamCountry "MNE"]
[BlackTeamCountry "MNE"]

1. Nf3 d5 2. b3 Bf5 3. Bb2 e6 4. d3 h6 5. g3 Nf6 6. Bg2 Be7 7. Nbd2 0-0 8. 0-0 Bh7 9. Re1 a5 10. a4 Nc6 11. e4 dxe4 12. dxe4 Nb4 13. Ne5 Re8 14. Bf1 Nd7 15. Nxd7 Qxd7 16. Qg4 Bf8 17. Red1 Nxc2 18. Rac1 Nb4 19. Be5 Rec8 20. Bf6 Qe8 21. Bb5 c6 22. Bc4 Bg6 23. Bd4 b5 24. Be2 bxa4 25. bxa4 c5 26. Bb5 Qe7 27. Be3 Qb7 28. f3 Nc6 29. Nc4 Nd4 30. Ne5 h5 31. Qh3 Nxb5 32. Nxg6 Nd4 33. Nxf8 Ne2+ 34. Kh1 Nxc1 35. Rd7 Qb3 36. Qxh5 Rxf8 37. Bxc1 Rad8 0-1

[Event "SRB-chT Central"]
[Site "Novi Pazar"]
[Date "2024.10.12"]
[Round "3.2"]
[White "Blagojevic, Dragisa"]
[Black "Simonovic, Aleksandar"]
[Result "1/2-1/2"]
[WhiteElo "2446"]
[BlackElo "2344"]
[PlyCount "55"]
[EventDate "2024.10.10"]
[EventType "team-tourn"]
[EventRounds "11"]
[EventCountry "SRB"]
[SourceTitle "CB43_2024"]
[Source "Chessbase"]
[SourceDate "2024.10.23"]
[SourceVersion "1"]
[SourceVersionDate "2024.10.23"]
[SourceQuality "1"]
[WhiteTeam "Tutin"]
[BlackTeam "Kraljevo Sloga"]
[WhiteTeamCountry "SRB"]
[BlackTeamCountry "SRB"]

1. d4 d5 2. c4 c6 3. Nc3 Nf6 4. Nf3 e6 5. e3 Nbd7 6. Qc2 Bd6 7. b3 0-0 8. Be2 Qe7 9. 0-0 b6 10. e4 dxe4 11. Nxe4 Nxe4 12. Qxe4 Nf6 13. Qe3 Bb7 14. Ne5 c5 15. Bb2 Rac8 16. Bf3 cxd4 17. Bxd4 Bc5 18. Bxc5 Rxc5 19. Bxb7 Qxb7 20. Rad1 Rcc8 21. a4 Rfd8 22. Rd4 Rxd4 23. Qxd4 h6 24. Rd1 Ne4 25. Rd3 f6 26. Ng4 e5 27. Qb2 a6 28. Ne3 1/2-1/2

[Event "SRB-chT Central"]
[Site "Novi Pazar"]
[Date "2024.10.10"]
[Round "1.2"]
[White "Baglan, Esat"]
[Black "Blagojevic, Dragisa"]
[Result "1/2-1/2"]
[WhiteElo "2336"]
[BlackElo "2446"]
[PlyCount "38"]
[EventDate "2024.10.10"]
[EventType "team-tourn"]
[EventRounds "11"]
[EventCountry "SRB"]
[SourceTitle "CB43_2024"]
[Source "Chessbase"]
[SourceDate "2024.10.23"]
[SourceVersion "1"]
[SourceVersionDate "2024.10.23"]
[SourceQuality "1"]
[WhiteTeam "Kragujevac Radnicki"]
[BlackTeam "Tutin"]
[WhiteTeamCountry "SRB"]
[BlackTeamCountry "SRB"]

1. e4 e5 2. Nf3 Nc6 3. Bb5 a6 4. Ba4 Bc5 5. c3 Nge7 6. 0-0 Ba7 7. d4 Ng6 8. Bg5 f6 9. Be3 0-0 10. Nbd2 Kh8 11. Re1 d6 12. h3 exd4 13. Nxd4 Nxd4 14. cxd4 c6 15. Bc2 Be6 16. Nf3 Qd7 17. d5 Bg8 18. Bxa7 Rxa7 19. dxc6 bxc6 1/2-1/2

[Event "BIH-chT 22nd"]
[Site "Neum"]
[Date "2024.09.05"]
[Round "6.2"]
[White "Blagojevic, Dragisa"]
[Black "Marjanovic, Dejan"]
[Result "1/2-1/2"]
[WhiteElo "2446"]
[BlackElo "2365"]
[PlyCount "35"]
[EventDate "2024.09.01"]
[EventType "team-tourn"]
[EventRounds "9"]
[EventCountry "BIH"]
[SourceTitle "EXT 2025"]
[Source "ChessBase"]
[SourceDate "2024.10.14"]
[SourceVersion "1"]
[SourceVersionDate "2024.10.14"]
[SourceQuality "1"]

1. d4 Nf6 2. c4 c5 3. d5 b5 4. Nf3 b4 5. Nbd2 g6 6. b3 Bg7 7. Bb2 d6 8. g3 0-0 9. Bg2 a5 10. 0-0 Nbd7 11. a3 Bb7 12. Qc2 Qc7 13. Ng5 h6 14. Nge4 Rae8 15. Nxf6+ Nxf6 16. axb4 axb4 17. Ra2 Ra8 18. Rfa1 1/2-1/2

[Event "BIH-chT 22nd"]
[Site "Neum"]
[Date "2024.09.04"]
[Round "5.2"]
[White "Predojevic, Borki"]
[Black "Blagojevic, Dragisa"]
[Result "1/2-1/2"]
[WhiteElo "2567"]
[BlackElo "2446"]
[PlyCount "32"]
[EventDate "2024.09.01"]
[EventType "team-tourn"]
[EventRounds "9"]
[EventCountry "BIH"]
[SourceTitle "EXT 2025"]
[Source "ChessBase"]
[SourceDate "2024.10.14"]
[SourceVersion "1"]
[SourceVersionDate "2024.10.14"]
[SourceQuality "1"]

1. d4 d5 2. c4 e6 3. Nc3 a6 4. cxd5 exd5 5. Bf4 c6 6. e3 Bd6 7. Bxd6 Qxd6 8. Bd3 Nf6 9. Nge2 0-0 10. Qd2 Re8 11. Rd1 Nbd7 12. f3 b5 13. 0-0 Bb7 14. a3 c5 15. dxc5 Qxc5 16. Nd4 Nb6 1/2-1/2

[Event "BIH-chT 22nd"]
[Site "Neum"]
[Date "2024.09.03"]
[Round "4.2"]
[White "Blagojevic, Dragisa"]
[Black "Pezelj, Novak"]
[Result "1/2-1/2"]
[WhiteElo "2446"]
[BlackElo "2460"]
[PlyCount "25"]
[EventDate "2024.09.01"]
[EventType "team-tourn"]
[EventRounds "9"]
[EventCountry "BIH"]
[SourceTitle "EXT 2025"]
[Source "ChessBase"]
[SourceDate "2024.10.14"]
[SourceVersion "1"]
[SourceVersionDate "2024.10.14"]
[SourceQuality "1"]

1. d4 e6 2. c4 b6 3. a3 Bb7 4. Nc3 Nf6 5. d5 Bd6 6. Nf3 exd5 7. cxd5 0-0 8. Bg5 h6 9. Bh4 Re8 10. e3 c6 11. Bc4 Na6 12. 0-0 Nc7 13. dxc6 1/2-1/2

[Event "MNT-chT"]
[Site "Herceg Novi"]
[Date "2024.04.30"]
[Round "5.4"]
[White "Blagojevic, Dragisa"]
[Black "Kalezic, Blazo"]
[Result "1-0"]
[WhiteElo "2444"]
[BlackElo "2399"]
[PlyCount "109"]
[EventDate "2024.04.27"]
[EventType "team-tourn"]
[EventRounds "9"]
[EventCountry "MNE"]
[SourceTitle "CBM 220 Extra"]
[Source "ChessBase"]
[SourceDate "2024.07.31"]
[SourceVersion "1"]
[SourceVersionDate "2024.07.31"]
[SourceQuality "1"]
[WhiteTeam "Herceg Novi"]
[BlackTeam "Buducnost"]
[WhiteTeamCountry "MNE"]
[BlackTeamCountry "MNE"]

1. d4 d5 2. c4 c6 3. Nf3 Nf6 4. Nc3 e6 5. Qd3 dxc4 6. Qxc4 b5 7. Qd3 Nbd7 8. e4 b4 9. Na4 Bb7 10. Be3 Be7 11. Nd2 0-0 12. f3 a5 13. Qc2 Ne8 14. Nb3 Bh4+ 15. Bf2 Bxf2+ 16. Qxf2 Ba6 17. Bxa6 Rxa6 18. 0-0 Nb6 19. Nbc5 Ra7 20. Nxb6 Qxb6 21. Rac1 a4 22. Nd3 Nd6 23. Rc5 Nb7 24. Rc4 Qb5 25. Qc2 b3 26. axb3 axb3 27. Qc3 Ra4 28. Rxa4 Qxa4 29. Ne5 Rc8 30. d5 exd5 31. exd5 c5 32. Nc4 Qb4 33. Qd3 Na5 34. Nxa5 Qxa5 35. Qxb3 c4 36. Qb7 Rd8 37. Rd1 Qa4 38. Re1 Qa5 39. Rd1 Qa4 40. Rd2 Qa1+ 41. Kf2 c3 42. Qe7 Ra8 43. Re2 g6 44. bxc3 Qxc3 45. d6 Qd4+ 46. Kg3 Ra7 47. Re4 Qc5 48. Qf6 Ra8 49. h4 h5 50. Re7 Qd5 51. d7 Rf8 52. Kh2 Qc4 53. Kh3 Qd5 54. Kg3 Qc4 55. Qd6 1-0

[Event "MNT-chT"]
[Site "Herceg Novi"]
[Date "2024.04.29"]
[Round "3.4"]
[White "Blagojevic, Dragisa"]
[Black "Rajkovic, Dusan"]
[Result "1-0"]
[WhiteElo "2444"]
[BlackElo "2252"]
[PlyCount "53"]
[EventDate "2024.04.27"]
[EventType "team-tourn"]
[EventRounds "9"]
[EventCountry "MNE"]
[SourceTitle "CBM 220 Extra"]
[Source "ChessBase"]
[SourceDate "2024.07.31"]
[SourceVersion "1"]
[SourceVersionDate "2024.07.31"]
[SourceQuality "1"]
[WhiteTeam "Herceg Novi"]
[BlackTeam "Rudar"]
[WhiteTeamCountry "MNE"]
[BlackTeamCountry "MNE"]

1. d4 d5 2. c4 c6 3. Nc3 e6 4. e3 Nf6 5. Nf3 Nbd7 6. Qc2 Bd6 7. b3 0-0 8. Be2 b6 9. 0-0 Bb7 10. Bb2 Rc8 11. e4 dxe4 12. Nxe4 Nxe4 13. Qxe4 Re8 14. Rad1 Qc7 15. Bd3 Nf8 16. Qh4 Qe7 17. Qh5 Ba3 18. Ba1 Bb4 19. Bb1 f6 20. Ne1 Bd6 21. Nc2 Qf7 22. Qh3 c5 23. Ne3 cxd4 24. Rxd4 Be5 25. Rh4 g5 26. Ng4 Bd6 27. Ne3 1-0

[Event "MNT-chT"]
[Site "Herceg Novi"]
[Date "2024.04.28"]
[Round "2.4"]
[White "Djurovic, Peko"]
[Black "Blagojevic, Dragisa"]
[Result "0-1"]
[WhiteElo "2306"]
[BlackElo "2444"]
[PlyCount "70"]
[EventDate "2024.04.27"]
[EventType "team-tourn"]
[EventRounds "9"]
[EventCountry "MNE"]
[SourceTitle "CBM 220 Extra"]
[Source "ChessBase"]
[SourceDate "2024.07.31"]
[SourceVersion "1"]
[SourceVersionDate "2024.07.31"]
[SourceQuality "1"]
[WhiteTeam "Crnogorac"]
[BlackTeam "Herceg Novi"]
[WhiteTeamCountry "MNE"]
[BlackTeamCountry "MNE"]

1. e4 e5 2. Bc4 Nf6 3. d3 Nc6 4. Nf3 Bc5 5. 0-0 d6 6. a4 0-0 7. c3 a5 8. Nbd2 Ba7 9. Re1 Ng4 10. Re2 Kh8 11. h3 Nh6 12. Nf1 f5 13. N1h2 Qf6 14. Qd2 fxe4 15. dxe4 Nd8 16. Qd3 Ne6 17. Bxe6 Bxe6 18. Be3 Bxe3 19. Rxe3 b6 20. Nf1 Ng8 21. Ng3 Ne7 22. Rf1 h6 23. Nd2 Ng6 24. Ne2 Qe7 25. Rg3 Rf6 26. Rf3 Rxf3 27. Qxf3 Rf8 28. Qe3 Qf7 29. Kh2 Kh7 30. b4 Bd7 31. bxa5 bxa5 32. g3 Bxa4 33. f4 exf4 34. Nxf4 Qe8 35. Qd4 Bc6 0-1

[Event "EU-chT 24th"]
[Site "Budva"]
[Date "2023.11.17"]
[Round "6.4"]
[White "Blagojevic, Dragisa"]
[Black "Lenaerts, Lennert"]
[Result "1/2-1/2"]
[WhiteElo "2438"]
[BlackElo "2322"]
[PlyCount "121"]
[EventDate "2023.11.11"]
[EventType "team-swiss"]
[EventRounds "9"]
[EventCountry "MNE"]
[SourceTitle "CBM 217 Extra"]
[Source "ChessBase"]
[SourceDate "2024.01.31"]
[SourceVersion "1"]
[SourceVersionDate "2024.01.31"]
[SourceQuality "1"]
[WhiteTeam "Montenegro"]
[BlackTeam "Belgium"]
[WhiteTeamCountry "MNE"]
[BlackTeamCountry "BEL"]

1. d4 Nf6 2. c4 e6 3. Nf3 d5 4. g3 Be7 5. Bg2 0-0 6. 0-0 dxc4 7. Qc2 a6 8. a4 Bd7 9. Qxc4 Bc6 10. Bf4 Bd6 11. Bg5 Nbd7 12. Nc3 h6 13. Bxf6 Nxf6 14. b4 Bd5 15. Nxd5 exd5 16. Qb3 Qe7 17. e3 Bxb4 18. Ne5 Bd6 19. Qxb7 Rfb8 20. Qc6 Bxe5 21. dxe5 Qxe5 22. Rfd1 Rd8 23. Rab1 Qd6 24. Rdc1 Ra7 25. a5 Qxc6 26. Rxc6 Kf8 27. Rbc1 Rd7 28. Bh3 Re7 29. Bc8 Re4 30. Ra1 Re8 31. Rxa6 Rxa6 32. Bxa6 Ra8 33. Bb7 Ra7 34. a6 Ke7 35. Rc1 Kd6 36. Rc6+ Kd7 37. f3 Ne8 38. Rc5 Nd6 39. Rxd5 c6 40. Rd2 Kc7 41. Kf2 Nxb7 42. axb7 Rxb7 43. h4 c5 44. Ke2 Kc6 45. Rd8 c4 46. Kd2 Rb2+ 47. Kc3 Rf2 48. Rd4 Rxf3 49. Rxc4+ Kd5 50. Rg4 g6 51. Kd3 h5 52. Rd4+ Ke5 53. g4 f5 54. gxh5 gxh5 55. Ke2 Rg3 56. Rd8 Rg4 57. Re8+ Kf6 58. Kf3 Rxh4 59. e4 Rxe4 60. Rxe4 fxe4+ 61. Kxe4 1/2-1/2

[Event "Portoroz op 14th"]
[Site "Portoroz"]
[Date "2023.07.16"]
[Round "3"]
[White "Blagojevic, Dragisa"]
[Black "Ivancsics, Michael"]
[Result "1-0"]
[WhiteElo "2464"]
[BlackElo "2131"]
[PlyCount "79"]
[EventDate "2023.07.15"]
[EventType "swiss"]
[EventRounds "9"]
[EventCountry "SLO"]
[SourceTitle "CBM 215 Extra"]
[Source "ChessBase"]
[SourceDate "2023.09.30"]
[SourceVersion "1"]
[SourceVersionDate "2023.09.30"]
[SourceQuality "1"]

1. d4 Nf6 2. Nf3 e6 3. c4 c5 4. d5 b5 5. Bg5 exd5 6. cxd5 d6 7. e4 a6 8. a4 b4 9. Nbd2 Be7 10. Bf4 0-0 11. h3 Re8 12. Bd3 a5 13. 0-0 Nbd7 14. Qc2 Ba6 15. Bxa6 Rxa6 16. Qd3 Ra8 17. Nc4 Nb6 18. Nfd2 Nxc4 19. Nxc4 Bf8 20. Rfe1 Ra7 21. Rad1 Rd7 22. Re2 h6 23. Rde1 Nh5 24. Bh2 Nf6 25. g4 Ra7 26. b3 Ra6 27. Bf4 Nd7 28. Qg3 Nb6 29. Bxd6 Nxc4 30. Bxf8 Rxf8 31. Qd3 Rg6 32. Qxc4 Qh4 33. Re3 h5 34. Rg3 hxg4 35. e5 f5 36. d6+ Kh7 37. e6 f4 38. e7 fxg3 39. exf8N+ Kh6 40. Qf4+ 1-0

[Event "Vojvodina op 13th"]
[Site "Novi Sad"]
[Date "2023.07.01"]
[Round "3"]
[White "Hercegovac, Neven"]
[Black "Blagojevic, Dragisa"]
[Result "1/2-1/2"]
[WhiteElo "2173"]
[BlackElo "2464"]
[PlyCount "82"]
[EventDate "2023.06.29"]
[EventType "swiss"]
[EventRounds "9"]
[EventCountry "SRB"]
[SourceTitle "CBM 215 Extra"]
[Source "ChessBase"]
[SourceDate "2023.09.30"]
[SourceVersion "1"]
[SourceVersionDate "2023.09.30"]
[SourceQuality "1"]

1. e4 e5 2. Nf3 Nc6 3. Nc3 Nf6 4. a3 d5 5. Bb5 Nxe4 6. Qe2 Qd6 7. Nxe4 dxe4 8. Qxe4 Bd7 9. d4 f5 10. Qe2 e4 11. Bxc6 Bxc6 12. Ne5 Be7 13. Bf4 0-0-0 14. h4 Qe6 15. Rd1 Bf6 16. c4 Ba4 17. Rd2 c5 18. d5 Qe8 19. b3 Bxb3 20. Qe3 Bxe5 21. Bxe5 Qxe5 22. Qxb3 Qa1+ 23. Rd1 Qf6 24. Rb1 Rd7 25. Rh3 f4 26. Qb5 f3 27. gxf3 exf3 28. Qxc5+ Kb8 29. Qb5 Rc7 30. Kf1 Rf8 31. Kg1 Qd4 32. Rg3 g6 33. a4 Rf6 34. Qe8+ Rc8 35. Qe7 Rc7 36. Qe8+ Rc8 37. Qe7 b6 38. a5 Rc7 39. Qd8+ Rc8 40. Qe7 Rc7 41. Qd8+ Rc8 1/2-1/2

[Event "MNT-chT"]
[Site "Herceg Novi"]
[Date "2023.05.01"]
[Round "1.5"]
[White "Blagojevic, Dragisa"]
[Black "Skvortsov, Andrei"]
[Result "1/2-1/2"]
[WhiteElo "2472"]
[BlackElo "2313"]
[PlyCount "59"]
[EventDate "2023.05.01"]
[EventType "team-tourn"]
[EventRounds "9"]
[EventCountry "MNE"]
[SourceTitle "CBM 214 Extra"]
[Source "ChessBase"]
[SourceDate "2023.07.31"]
[SourceVersion "1"]
[SourceVersionDate "2023.07.31"]
[SourceQuality "1"]
[WhiteTeam "Herceg Novi"]
[BlackTeam "Dama"]
[WhiteTeamCountry "MNE"]
[BlackTeamCountry "MNE"]

1. d4 g6 2. c4 Bg7 3. Nf3 e6 4. g3 Ne7 5. Bg2 0-0 6. 0-0 d5 7. cxd5 exd5 8. Nc3 Nd7 9. Bf4 c6 10. Qd2 Nf6 11. Bh6 Ne4 12. Qc1 Bxh6 13. Qxh6 Nf5 14. Qc1 Re8 15. e3 Nxc3 16. Qxc3 a5 17. a4 Nd6 18. Nd2 Bf5 19. Rfc1 Qb6 20. Ra3 Re7 21. Rb3 Qd8 22. Qc5 Kg7 23. Qb6 Qd7 24. Rbc3 h5 25. h4 Bh3 26. b4 Bxg2 27. Kxg2 Ra6 28. Qc5 axb4 29. Qxb4 Re8 30. Ra3 1/2-1/2

[Event "MNT-ch 75th"]
[Site "Podgorica"]
[Date "2023.02.09"]
[Round "5"]
[White "Blagojevic, Dragisa"]
[Black "Pecurica, Milos"]
[Result "1/2-1/2"]
[WhiteElo "2470"]
[BlackElo "2320"]
[PlyCount "89"]
[EventDate "2023.02.05"]
[EventType "swiss"]
[EventRounds "9"]
[EventCountry "MNE"]
[SourceTitle "CBM 212 Extra"]
[Source "ChessBase"]
[SourceDate "2023.03.31"]
[SourceVersion "1"]
[SourceVersionDate "2023.03.31"]
[SourceQuality "1"]

1. d4 Nf6 2. c4 e6 3. Nf3 d5 4. Nc3 c5 5. cxd5 Nxd5 6. g3 Nxc3 7. bxc3 cxd4 8. cxd4 Bb4+ 9. Bd2 Bxd2+ 10. Qxd2 b6 11. Bg2 Bb7 12. 0-0 0-0 13. Rfc1 Nd7 14. a4 Rc8 15. Rcb1 Be4 16. Rb2 Qc7 17. a5 h6 18. axb6 axb6 19. Ne1 Bxg2 20. Nxg2 Rfd8 21. Rab1 Ne5 22. Ne3 Nc4 23. Nxc4 Qxc4 24. Rb4 Qd5 25. Qd3 Qd6 26. Qe4 Rc1+ 27. Rxc1 Qxb4 28. e3 Qd6 29. Qb7 Qb8 30. Qa6 Qd6 31. Qb7 Qb8 32. Rc7 Qxb7 33. Rxb7 Rd6 34. Kg2 g5 35. Kf3 Kg7 36. h4 gxh4 37. gxh4 Kg6 38. Kg4 Rc6 39. Kf3 Rd6 40. Ke4 Kf6 41. f4 Kg6 42. h5+ Kf6 43. Kf3 Rd5 44. Kg4 b5 45. Ra7 1/2-1/2

[Event "MNT-ch 75th"]
[Site "Podgorica"]
[Date "2023.02.08"]
[Round "4"]
[White "Tomic, Aleksandar1"]
[Black "Blagojevic, Dragisa"]
[Result "1/2-1/2"]
[WhiteElo "2417"]
[BlackElo "2470"]
[PlyCount "72"]
[EventDate "2023.02.05"]
[EventType "swiss"]
[EventRounds "9"]
[EventCountry "MNE"]
[SourceTitle "CBM 212 Extra"]
[Source "ChessBase"]
[SourceDate "2023.03.31"]
[SourceVersion "1"]
[SourceVersionDate "2023.03.31"]
[SourceQuality "1"]

1. Nf3 d5 2. c4 e6 3. b3 Nf6 4. g3 Be7 5. Bb2 0-0 6. Bg2 c5 7. 0-0 b6 8. cxd5 Nxd5 9. d4 Bb7 10. dxc5 Bxc5 11. a3 Nd7 12. Nbd2 Be7 13. e4 Nc7 14. b4 a5 15. Qb3 axb4 16. axb4 Na6 17. Bc3 Bf6 18. e5 Nxe5 19. Nxe5 Bxg2 20. Kxg2 Bxe5 21. Bxe5 Qxd2 22. Rad1 Qxb4 23. Qxb4 Nxb4 24. Bd6 Nd5 25. Bxf8 Kxf8 26. Ra1 Rxa1 27. Rxa1 g5 28. Kf3 Kg7 29. Ra7 h5 30. h3 b5 31. Rb7 b4 32. Ke4 Kf6 33. Kd4 Ne7 34. Kd3 Nd5 35. Kd4 Ne7 36. Ke4 Nd5 1/2-1/2

[Event "SRB-chT 2nd League"]
[Site "Vrnjacka Banja"]
[Date "2022.11.08"]
[Round "7.2"]
[White "Blagojevic, Dragisa"]
[Black "Nevednichy, Vladislav"]
[Result "1/2-1/2"]
[WhiteElo "2480"]
[BlackElo "2499"]
[PlyCount "37"]
[EventDate "2022.11.04"]
[EventType "team-tourn"]
[EventRounds "11"]
[EventCountry "SRB"]
[SourceTitle "CBM 211 Extra"]
[Source "ChessBase"]
[SourceDate "2023.01.31"]
[SourceVersion "1"]
[SourceVersionDate "2023.01.31"]
[SourceQuality "1"]
[WhiteTeam "Nova Pazova Mladost"]
[BlackTeam "Mladenovo"]
[WhiteTeamCountry "SRB"]
[BlackTeamCountry "SRB"]

1. Nf3 Nf6 2. g3 g6 3. c4 Bg7 4. Bg2 0-0 5. 0-0 d6 6. Nc3 Nc6 7. d3 e5 8. Rb1 a5 9. a3 h6 10. b4 axb4 11. axb4 Ne7 12. Bb2 Be6 13. Ra1 Qd7 14. Qc2 Bh3 15. Rxa8 Rxa8 16. Ra1 Rxa1+ 17. Bxa1 Bxg2 18. Kxg2 g5 19. Qa2 1/2-1/2

[Event "SRB-chT 2nd League"]
[Site "Vrnjacka Banja"]
[Date "2022.11.06"]
[Round "4.4"]
[White "Schekachikhin, Maksim"]
[Black "Blagojevic, Dragisa"]
[Result "1/2-1/2"]
[WhiteElo "2359"]
[BlackElo "2480"]
[PlyCount "22"]
[EventDate "2022.11.04"]
[EventType "team-tourn"]
[EventRounds "11"]
[EventCountry "SRB"]
[SourceTitle "CBM 211 Extra"]
[Source "ChessBase"]
[SourceDate "2023.01.31"]
[SourceVersion "1"]
[SourceVersionDate "2023.01.31"]
[SourceQuality "1"]
[WhiteTeam "Pancevo Gligoric"]
[BlackTeam "Nova Pazova Mladost"]
[WhiteTeamCountry "SRB"]
[BlackTeamCountry "SRB"]

1. d4 d5 2. c4 e6 3. Nf3 Nf6 4. g3 dxc4 5. Bg2 Nc6 6. Qa4 Bb4+ 7. Bd2 Nd5 8. Qc2 b5 9. a4 Bxd2+ 10. Nbxd2 Ncb4 11. Qc1 c6 1/2-1/2